00345nam a2200133Ia 450000500170000000800410001702000150005808200130007324500150008626000550010130000130015665000190016970000230018820250520013308.0240331s9999 xx 000 0 und d a9559261134 bPRAa302 0aPrathimana aColombobWomen's education & Research Centrec1999 a126 p ., aGender Studies aDe Silva, T. eedt